000 00662nam a2200217 i 4500
001 42263
003 ES-MaACL
005 20251003185044.0
007 t|
008 030313s1964 sp ||||1| spa d
100 1 _aCederna, Camila.
_937324
245 1 0 _a8 1/2 de Fellini /
_cCamila Cederna ; [traducción de Manual Vázquez].
250 _a[1ª ed.].
260 _aBarcelona :
_bSeix Barral,
_c1964.
300 _a211 p., 36 lám. ;
_c18 cm.
490 1 _aBiblioteca breve ;
_v198
700 1 _aVázquez Tomás, Manuel
_9113375
830 0 _aBiblioteca breve (Seix Barral)
_v198
_9227188
852 _aES-MaACL
_jC-26478
_bR.55495
999 _c42263
_d42263